000 01098cam a22003017a 4500
001 9478
003 FISKH
005 20260114113436.0
008 040809s2005 nyu 000 0 eng
010 _a 2004111654
020 _a0060758600
_qpbk.
020 _a9780060758608
_q(pbk.)
035 _a13681630
040 _aDLC
_cDLC
_beng
050 _aPZ7.W867 A
082 _a813.6
100 1 _aTwain, Mark,
_d1835-1910.
245 1 4 _aThe adventures of Tom Sawyer /
_cRetold from the Mark Twain original by Martin Woodside ; Illustratted by Lucy Corvino
260 _aNew York :
_bSterling,
_c2005.
300 _a153 pages :
_billustrations ;
_c19 cm ;
_e2 CDs room .
490 0 _aAdventure classics
520 _aAn abridged version of the adventures of Tom and his friends growing up in a small Missouri town on the banks of the Mississippi River in the nineteenth century.
650 _aAmerican literature
_vAction & Adventure
_xClassic Starts
700 _aCorvino, Lucy
_eillustrator
906 _a7
_bcbc
_corignew
_d4
_eepcn
_f20
_gy-gencatlg
942 _2ddc
_cBK
_n0
999 _c9478
_d9478